<?xml version="1.0" encoding="UTF-8"?>
<collection xmlns="http://www.loc.gov/MARC21/slim">
  <record>
    <leader>00000nam  2200000   4500</leader>
    <controlfield tag="001">INLIS000000000020744</controlfield>
    <controlfield tag="005">20250804033721</controlfield>
    <datafield tag="035" ind1="#" ind2="#">
      <subfield code="a">0010-0825000022</subfield>
    </datafield>
    <controlfield tag="007">ta</controlfield>
    <controlfield tag="008">250804################|##########|#|##</controlfield>
    <datafield tag="084" ind1="#" ind2="#">
      <subfield code="a">R 0020 PKP 2024</subfield>
    </datafield>
    <datafield tag="100" ind1=" " ind2="#">
      <subfield code="a">Muhammad Syafiq</subfield>
    </datafield>
    <datafield tag="245" ind1="1" ind2="#">
      <subfield code="a">Penguatan Manajemen Pengetahuan Sebagai Pilar Utama Implementasi ASN Corporate University di Lembaga Administrasi Negara /</subfield>
      <subfield code="c">Muhammad Syafiq</subfield>
    </datafield>
    <datafield tag="260" ind1="#" ind2="#">
      <subfield code="a">Jakarta :</subfield>
      <subfield code="b">Pusbangkom Pimnas dan Manajerial ASN,</subfield>
      <subfield code="c">2024</subfield>
    </datafield>
    <datafield tag="300" ind1="#" ind2="#">
      <subfield code="a">30 hlm. ;</subfield>
      <subfield code="c">30 cm</subfield>
    </datafield>
    <datafield tag="650" ind1="#" ind2="4">
      <subfield code="a">Manajemen Pengetahuan</subfield>
    </datafield>
    <datafield tag="650" ind1="#" ind2="4">
      <subfield code="a">Corporate University</subfield>
    </datafield>
    <datafield tag="520" ind1="#" ind2="#">
      <subfield code="a">Salah satu elemen penting dalam kebijakan ASN Corporate University adalah adanya manajemen pengetahuan yang baik sehingga dapat mendukung proses pembelajaran. Banyak sumber-sumber pengetahuan yang belum dilakukan dokumentasi dan pengorganisasian sehingga sampai pada sebuah aset pengetahuan. Tujuan dari rancangan aksi perubahan ini adalah terciptanya manajemen pengetahuan yang optimal sesuai dengan Keputusan Kepala Lembaga Administrasi Negara 306/K.1/HKM.02.2/2024 tentang Pedoman Penyelenggaraan Pengembangan Kompetensi secara terintegrasi (Corporate University) pada tingkat instansi.</subfield>
    </datafield>
    <datafield tag="990" ind1="#" ind2="#">
      <subfield code="a">2024/1.2.4/A/0020</subfield>
    </datafield>
  </record>
</collection>
